书目信息 |
| 题名: |
基于解释的机器学习方法
|
|
| 作者: | 石纯一等 箸 | |
| 分册: | ||
| 出版信息: | 北京 清华大学出版社 1997.04 |
|
| 页数: | 171页 | |
| 开本: | 16开 | |
| 丛书名: | ||
| 单 册: | ||
| 中图分类: | TP18 | |
| 科图分类: | ||
| 主题词: | 人工智能--理论 | |
| 电子资源: | ||
| ISBN: | 7-302-02432-4 | |
| 000 | 00568nam0 2200193 45 | |
| 001 | 0005231561 | |
| 005 | 20000523153835.9 | |
| 010 | @a7-302-02432-4@d16.00元 | |
| 100 | @a20000523d1997 km y0chiy0120 ea | |
| 101 | @achi | |
| 105 | @a z 000yy | |
| 200 | 1 | @a基于解释的机器学习方法@AJi Yu Jie Shi De Ji Qi XueXi Fang Fa@f石纯一等 箸@FShi Chun Yi Deng Zhu |
| 210 | @a北京@c清华大学出版社@d1997.04 | |
| 215 | @a171页@d16开 | |
| 606 | 0 | @a人工智能@x理论 |
| 690 | @aTP18@v3 | |
| 701 | @a石纯一等 箸 | |
| 801 | @aCN@bPftUser@c20000523 | |
| 905 | @f1@b56445@dTP18@eSH909 | |
| 基于解释的机器学习方法/石纯一等 箸.-北京:清华大学出版社,1997.04 |
| 171页;16开 |
| ISBN 7-302-02432-4:16.00元 |
| ● |
| 相关链接 |
|
|
|
正题名:基于解释的机器学习方法
索取号:TP18/SH909
 
预约/预借
| 序号 | 登录号 | 条形码 | 馆藏地/架位号 | 状态 | 备注 |
| 1 | 56445 | 200564451 | 期刊室512/301自科库 34排4列4层/ [索取号:TP18/SH909] | 在馆 |